000 00775nam a22002177i 4500
001 IT\ICCU\LO1\0251140
003 ItRI
005 20260115231926.0
008 930209s1993 it |||||| ||||| |||||c
020 _a8876842411
040 _bita
_cimportazione bologna sebina
041 7 _aita
_2ISO-639-2
082 _a791.430280924
_9CINEMA. RECITAZIONE E RECITE. PERSONE COLLEGATE CON IL SOGGETTO
_219
100 1 _aRiva, Maria
_0IT\ICCU\LO1V\088667
_4aut
240 1 0 _aMarlene Dietrich
_3IT\ICCU\LO1\0311541
_9Riva, Maria
245 1 0 _aMarlene Dietrich :
_bmia madre /
_cMaria Riva ; traduzione di Roberta Rambelli.
260 _a[Milano] :
_bFrassinelli,
_c1993
300 _a725 p., [24] carte di tav. :
_bill. ;
_c22 cm
650 7 _aDietrich, Marlene
942 _2ddc
_cBK
_n0
999 _c14300
_d14300